[Event "38th ECC Open 2023"]
[Site "Durres ALB"]
[Date "2023.10.01"]
[Round "1.8"]
[Board "4"]
[White "Favier, Alain"]
[Black "Van der Werf, Mark"]
[Result "1/2-1/2"]
[BlackTitle "IM"]
[WhiteElo "2023"]
[BlackElo "2399"]
[WhiteTeam "CE Le Cavalier Differdange"]
[BlackTeam "LSG Leiden"]
[WhiteFideId "20670532"]
[BlackFideId "1000470"]
[EventDate "2023.10.01"]

1. d4 Nf6 2. c4 e6 3. Nc3 Bb4 4. Qc2 O-O 5. e4 d5 6. e5 Ne4 7. Bd3 c5 8. Ne2
cxd4 9. Nxd4 Nd7 10. Bf4 Ndc5 11. O-O Bxc3 12. bxc3 Bd7 13. Bxe4 Nxe4 14. Rfe1
Rc8 15. cxd5 exd5 16. Qb3 Nc5 17. Qd1 Ne6 18. Bd2 Nxd4 19. cxd4 Qb6 20. Rb1 Qxd4
21. Rxb7 Bg4 22. Rb4 Qxb4 23. Bxb4 Bxd1 24. Bxf8 Kxf8 25. Rxd1 Ke7 26. f4 Ke6
27. Rd2 Rc4 28. g3 d4 29. Kf2 Kd5 30. Rb2 Ra4 31. Rb7 Rxa2+ 32. Kf3 Ra3+ 33. Ke2
Ke6 34. Kd2 h5 35. Rb4 Ra2+ 36. Kd3 Rxh2 37. Kxd4 Rh3 38. Ke4 g6 39. Ra4 Rxg3
40. Ra6+ Ke7 41. Rxa7+ Kf8 42. e6 fxe6 43. Ke5 Rf3 44. Kf6 Rxf4+ 45. Kxg6 h4 46.
Kg5 Rf7 47. Ra8+ Kg7 48. Kxh4 Rf1 49. Kg3 Kf7 50. Ra4 Ke7 51. Rf4 Ra1 52. Kf3
Ra3+ 53. Ke4 Kd6 54. Rf8 Ra4+ 55. Ke3 Ke5 56. Rb8 Ra3+ 57. Ke2 Kd5 58. Rb5+ Kd4
59. Rb4+ Kc5 60. Rb2 Rh3 61. Rb8 Kd4 62. Rb4+ Ke5 63. Ra4 Kf5 64. Kf2 e5 65. Ke2
Rb3 66. Kf2 Rd3 67. Ke2 Rd6 68. Ke3 Rb6 69. Ke2 e4 70. Ra8 Rd6 71. Rf8+ Ke5 72.
Ke3 Rd3+ 1/2-1/2

[Event "38th ECC Open 2023"]
[Site "Durres ALB"]
[Date "2023.10.01"]
[Round "1.8"]
[Board "5"]
[White "Bosman, Michiel"]
[Black "Barthel, Ansgar"]
[Result "1-0"]
[WhiteTitle "IM"]
[WhiteElo "2366"]
[BlackElo "2056"]
[WhiteTeam "LSG Leiden"]
[BlackTeam "CE Le Cavalier Differdange"]
[WhiteFideId "1000721"]
[BlackFideId "4643461"]
[EventDate "2023.10.01"]

1. d4 Nf6 2. c4 g6 3. Nc3 Bg7 4. e4 d6 5. Be2 O-O 6. Be3 c5 7. d5 b5 8. cxb5 a6
9. a4 Qa5 10. Bd2 axb5 11. Bxb5 Ba6 12. Ra3 Qb4 13. Rb3 Qa5 14. Nf3 Nbd7 15. O-O
Bxb5 16. Rxb5 Qa6 17. Qb3 Ng4 18. Ra1 Rfb8 19. Ra3 Qa7 20. Nd1 Nge5 21. Nxe5
Nxe5 22. Bc3 Rxb5 23. axb5 Qb7 24. Ne3 Rb8 25. Ra5 Nd7 26. Qa2 Bd4 27. Nc2 Be5
28. h3 Nf6 29. Qa4 e6 30. Bxe5 dxe5 31. dxe6 Qxe4 32. exf7+ Kf8 33. Qb3 Qd5 34.
Qe3 Qd1+ 35. Ne1 Qd4 36. Qh6+ Kxf7 37. Ra7+ Ke6 38. Ra6+ Kf7 39. Nf3 Qf4 40.
Ng5+ Kg8 41. g3 Qf5 42. Ra7 1-0

[Event "38th ECC Open 2023"]
[Site "Durres ALB"]
[Date "2023.10.01"]
[Round "1.8"]
[Board "6"]
[White "Dahdah, Nagib"]
[Black "Willemze, Thomas"]
[Result "1/2-1/2"]
[BlackTitle "IM"]
[WhiteElo "2073"]
[BlackElo "2351"]
[WhiteTeam "CE Le Cavalier Differdange"]
[BlackTeam "LSG Leiden"]
[WhiteFideId "4003420"]
[BlackFideId "1007238"]
[EventDate "2023.10.01"]

1. e4 c6 2. d4 d5 3. exd5 cxd5 4. c4 Nf6 5. Nc3 g6 6. Qb3 Bg7 7. cxd5 O-O 8. Nf3
Nbd7 9. Bd3 Nb6 10. O-O Nfxd5 11. Re1 Bg4 12. Be4 Nxc3 13. bxc3 Be6 14. Qb5 Qc7
15. Bg5 Rfe8 16. a4 Rad8 17. a5 Nd5 18. Rac1 a6 19. Qa4 h6 20. Bd2 g5 21. Bb1
Bd7 22. Qc2 Nf6 23. Ne5 Be6 24. h4 gxh4 25. Nf3 Bd5 26. Nxh4 Ng4 27. g3 Qc6 28.
Qf5 Nf6 29. Re5 Be6 30. Qc2 Bh3 31. Rce1 e6 32. f3 Kf8 33. Kh2 Bg4 34. fxg4
Nxg4+ 35. Kg1 Nxe5 36. dxe5 Qd5 37. Re2 Qxa5 38. Qh7 Rxd2 39. Rxd2 Qxe5 40. Rg2
Rd8 41. Kh2 Qe1 42. Qe4 Rd1 1/2-1/2

[Event "38th ECC Open 2023"]
[Site "Durres ALB"]
[Date "2023.10.01"]
[Round "1.9"]
[Board "2"]
[White "Pechac, Jergus"]
[Black "Decoster, Frederic"]
[Result "1-0"]
[WhiteTitle "GM"]
[BlackTitle "FM"]
[WhiteElo "2596"]
[BlackElo "2295"]
[WhiteTeam "Sentimento Ajka BSK"]
[BlackTeam "Koninklijke Brugse Schaakkring"]
[WhiteFideId "14926970"]
[BlackFideId "204269"]
[EventDate "2023.10.01"]

1. c4 c5 2. Nf3 Nc6 3. Nc3 Nf6 4. g3 d5 5. cxd5 Nxd5 6. d4 cxd4 7. Nxd4 Nxc3 8.
bxc3 Qd5 9. Rg1 e5 10. Bg2 Qc5 11. Nxc6 bxc6 12. Be3 Qc4 13. f4 Be7 14. Qd3 Qa4
15. Qe4 Qxe4 16. Bxe4 Kd7 17. fxe5 Kc7 18. Rf1 Be6 19. Bf5 Bxf5 20. Rxf5 Rhf8
21. Rd1 Rad8 22. Rxd8 Kxd8 23. e6 fxe6 24. Rxf8+ Bxf8 25. Bxa7 Kc7 26. Bd4 Kd6
27. c4 g6 28. Kd2 Bh6+ 29. Kd3 Bc1 30. a4 c5 31. Bg7 Kc6 32. Ke4 Bd2 33. Bb2 Kd6
34. Kd3 Ba5 35. Bc3 Bc7 36. Ke4 Kc6 37. Kf3 h5 38. Ke4 Kd7 39. a5 Kc6 40. a6 Bd6
41. Be5 Be7 42. Bb8 1-0

[Event "38th ECC Open 2023"]
[Site "Durres ALB"]
[Date "2023.10.01"]
[Round "1.9"]
[Board "3"]
[White "Boucquet, Emile"]
[Black "Banusz, Tamas"]
[Result "0-1"]
[WhiteTitle "CM"]
[BlackTitle "GM"]
[WhiteElo "2208"]
[BlackElo "2600"]
[WhiteTeam "Koninklijke Brugse Schaakkring"]
[BlackTeam "Sentimento Ajka BSK"]
[WhiteFideId "233161"]
[BlackFideId "722413"]
[EventDate "2023.10.01"]

1. e4 e5 2. Nf3 d6 3. d4 exd4 4. Nxd4 Nf6 5. Nc3 Be7 6. Bf4 O-O 7. Qd2 Nc6 8.
O-O-O Nxd4 9. Qxd4 Be6 10. Be2 a6 11. e5 dxe5 12. Qxe5 Bd6 13. Qe3 Bxf4 14. Qxf4
Qe7 15. Bf3 Qc5 16. g4 c6 17. g5 Nd7 18. Ne4 Qa5 19. Rhe1 Qxa2 20. Nf6+ gxf6 21.
gxf6 Qa1+ 22. Kd2 Qa5+ 23. Kc1 Qf5 24. Qg3+ Qg6 25. Qh4 Qxf6 26. Qh5 Kh8 27. Be4
h6 28. Re3 Qg5 29. Qe2 Nf6 30. f4 Qa5 31. Bd3 Bg4 32. Qg2 Qa1+ 0-1

[Event "38th ECC Open 2023"]
[Site "Durres ALB"]
[Date "2023.10.01"]
[Round "1.9"]
[Board "4"]
[White "Ivic, Velimir"]
[Black "De Vogelaere, Robin"]
[Result "1-0"]
[WhiteTitle "GM"]
[WhiteElo "2562"]
[BlackElo "2052"]
[WhiteTeam "Sentimento Ajka BSK"]
[BlackTeam "Koninklijke Brugse Schaakkring"]
[WhiteFideId "950122"]
[BlackFideId "207489"]
[EventDate "2023.10.01"]

1. e4 e5 2. Nf3 Nc6 3. Bb5 a6 4. Ba4 Nf6 5. O-O d6 6. Re1 Bd7 7. c4 g6 8. Bxc6
Bxc6 9. Nc3 Bg7 10. d4 O-O 11. Bg5 h6 12. Bh4 Re8 13. dxe5 dxe5 14. Nd5 b5 15.
Qc2 g5 16. Bg3 Nh5 17. Rad1 Nxg3 18. hxg3 Bxd5 19. cxd5 Bf8 20. Nh2 Bd6 21. Ng4
Kg7 22. Ne3 Qf6 23. Nf5+ Kg8 24. g4 Rec8 25. Re3 b4 26. Rc1 a5 27. Qe2 Bf8 28.
Rc6 Bd6 29. Rh3 Kh7 30. Qf3 Rh8 31. Rxh6+ Qxh6 32. Nxh6 Kxh6 33. Qf6+ Kh7 34.
Qxf7+ Kh6 35. Qxc7 1-0

[Event "38th ECC Open 2023"]
[Site "Durres ALB"]
[Date "2023.10.01"]
[Round "1.9"]
[Board "5"]
[White "Piceu, Jarid"]
[Black "Balog, Imre"]
[Result "0-1"]
[BlackTitle "GM"]
[WhiteElo "1908"]
[BlackElo "2622"]
[WhiteTeam "Koninklijke Brugse Schaakkring"]
[BlackTeam "Sentimento Ajka BSK"]
[WhiteFideId "241911"]
[BlackFideId "728446"]
[EventDate "2023.10.01"]

1. d4 Nf6 2. c4 g6 3. Nc3 Bg7 4. Nf3 O-O 5. Bf4 d5 6. cxd5 Nxd5 7. Nxd5 Qxd5 8.
e3 c5 9. Qb3 Qxb3 10. axb3 cxd4 11. Bxb8 Rxb8 12. Nxd4 a6 13. Be2 Rd8 14. Rd1 e5
15. Nf3 Bf5 16. O-O Bc2 17. Rxd8+ Rxd8 18. b4 e4 19. Ng5 h6 20. Rc1 Rd2 21. Kf1
Bxb2 0-1

[Event "38th ECC Open 2023"]
[Site "Durres ALB"]
[Date "2023.10.01"]
[Round "1.10"]
[Board "1"]
[White "Dardha, Daniel"]
[Black "Frischmann, Rick"]
[Result "1-0"]
[WhiteTitle "GM"]
[BlackTitle "FM"]
[WhiteElo "2580"]
[BlackElo "2388"]
[WhiteTeam "C' Chartres Echecs"]
[BlackTeam "TSM Schifflange"]
[WhiteFideId "240990"]
[BlackFideId "24660752"]
[EventDate "2023.10.01"]

1. d4 d5 2. c4 Nc6 3. Nc3 Nf6 4. Nf3 dxc4 5. e4 Bg4 6. Be3 e6 7. Bxc4 Bb4 8. Qd3
Bh5 9. O-O Bg6 10. d5 exd5 11. Nxd5 Nxd5 12. Bxd5 O-O 13. Qb5 Rb8 14. Bxa7 Nxa7
15. Qxb4 c6 16. Bb3 Qc7 17. Rfe1 Rfe8 18. e5 c5 19. Qf4 b5 20. Bd5 Rbd8 21. Rad1
Nc8 22. h4 Nb6 23. Be4 Nc4 24. Rxd8 Rxd8 25. Bxg6 hxg6 26. Re2 Rd1+ 27. Kh2 f6
28. Qg3 fxe5 29. Qxg6 1-0

[Event "38th ECC Open 2023"]
[Site "Durres ALB"]
[Date "2023.10.01"]
[Round "1.10"]
[Board "2"]
[White "Devallee, Jeremie"]
[Black "Lagarde, Maxime"]
[Result "0-1"]
[WhiteTitle "FM"]
[BlackTitle "GM"]
[WhiteElo "2210"]
[BlackElo "2626"]
[WhiteTeam "TSM Schifflange"]
[BlackTeam "C' Chartres Echecs"]
[WhiteFideId "665240"]
[BlackFideId "662399"]
[EventDate "2023.10.01"]

1. e4 c5 2. Nf3 Nc6 3. d4 cxd4 4. c3 dxc3 5. Nxc3 e6 6. Bc4 Bb4 7. O-O Nge7 8.
Qc2 Ng6 9. a3 Be7 10. Ba2 O-O 11. Be3 a6 12. Na4 b5 13. Nc5 Nce5 14. Nxe5 Nxe5
15. f4 Ng4 16. Bd4 d6 17. Nd3 Bb7 18. Qe2 Bf6 19. Bxf6 Nxf6 20. e5 dxe5 21. fxe5
Qd4+ 22. Kh1 Qe4 23. Qf2 Ng4 24. Qg3 Ne3 25. Rg1 Qxd3 26. Rae1 Nxg2 0-1

[Event "38th ECC Open 2023"]
[Site "Durres ALB"]
[Date "2023.10.01"]
[Round "1.10"]
[Board "3"]
[White "Droin, Augustin"]
[Black "Barbaras, Mathieu"]
[Result "1-0"]
[WhiteTitle "IM"]
[WhiteElo "2468"]
[BlackElo "2205"]
[WhiteTeam "C' Chartres Echecs"]
[BlackTeam "TSM Schifflange"]
[WhiteFideId "45105987"]
[BlackFideId "20622910"]
[EventDate "2023.10.01"]

1. e4 c5 2. Nf3 Nc6 3. Bb5 e6 4. O-O Nge7 5. d4 cxd4 6. Nxd4 Ng6 7. c3 Be7 8.
Be3 O-O 9. Nd2 Bg5 10. Qe1 Nxd4 11. cxd4 Bxe3 12. Qxe3 d5 13. e5 Bd7 14. Bd3 Ne7
15. Nb3 Qb6 16. a4 a5 17. Nc5 Bc6 18. Ra3 Qd8 19. Qh3 h6 20. Bb1 b6 21. Nd3 Ng6
22. f4 f5 23. exf6 Qxf6 24. Qe3 Be8 25. g3 Rc8 26. Re1 Bf7 27. Rb3 Rc6 28. Nf2
Rc4 29. Ng4 Qxd4 30. Bxg6 Bxg6 31. Ne5 Be4 32. Nxc4 Qxc4 33. Rc1 Qxa4 34. Rxb6
Qe8 35. Qd4 Qh5 36. Rb7 Rf7 37. Rxf7 Qxf7 38. Qb6 Kh7 39. Re1 Qh5 40. Qf2 Qe8
41. g4 Qg6 42. h3 Qf6 43. Ra1 Qd8 44. Qd2 Qb6+ 45. Kh2 Qb3 46. Rxa5 Qf3 47. Ra3
Qh1+ 48. Kg3 e5 49. f5 Qg1+ 50. Kh4 Qf1 51. Ra7 d4 52. Re7 Bxf5 53. Rf7 Qf3 54.
Qh2 d3 55. Rxf5 Qe3 56. Rxe5 Qd4 57. Qd2 Qxe5 58. Qxd3+ Kh8 59. Qc3 Qf4 60. Qc8+ 1-0

[Event "38th ECC Open 2023"]
[Site "Durres ALB"]
[Date "2023.10.01"]
[Round "1.10"]
[Board "4"]
[White "Mertens, Marc"]
[Black "Razafindratsima, Timothe"]
[Result "0-1"]
[BlackTitle "IM"]
[WhiteElo "2126"]
[BlackElo "2459"]
[WhiteTeam "TSM Schifflange"]
[BlackTeam "C' Chartres Echecs"]
[WhiteFideId "4000501"]
[BlackFideId "36069884"]
[EventDate "2023.10.01"]

1. e4 c5 2. Nf3 d6 3. d4 cxd4 4. Nxd4 Nf6 5. Nc3 a6 6. Bg5 Nbd7 7. f4 Qc7 8. Qf3
h6 9. Bxf6 Nxf6 10. f5 Qc5 11. Qd3 Rg8 12. Be2 g5 13. O-O-O Bd7 14. Rhe1 Bg7 15.
Qc4 Rc8 16. Qxc5 Rxc5 17. Nb3 Re5 18. Bd3 g4 19. Nd2 b5 20. a4 e6 21. axb5 axb5
22. Na2 Ke7 23. c3 h5 24. Kc2 Bh6 25. Nb4 h4 26. fxe6 fxe6 27. Ra1 Rc8 28. Nf1
Kd8 29. Re2 Be8 30. Ra6 Kc7 31. Nd2 Bf8 32. Ra2 d5 33. Na6+ Kb6 34. exd5 Rxe2
35. Bxe2 Nxd5 36. Kb3 Bg6 37. Nf1 Bf5 38. c4 Nf4 39. c5+ Bxc5 40. Nxc5 Rxc5 41.
Bd1 Rc1 42. Ne3 Nd5 0-1

[Event "38th ECC Open 2023"]
[Site "Durres ALB"]
[Date "2023.10.01"]
[Round "1.10"]
[Board "6"]
[White "Jacquot, Adrien"]
[Black "Guliyev, Namig"]
[Result "0-1"]
[BlackTitle "GM"]
[WhiteElo "1952"]
[BlackElo "2531"]
[WhiteTeam "TSM Schifflange"]
[BlackTeam "C' Chartres Echecs"]
[WhiteFideId "695033"]
[BlackFideId "13400363"]
[EventDate "2023.10.01"]

1. e4 c5 2. Nf3 d6 3. d4 cxd4 4. Nxd4 Nf6 5. Nc3 a6 6. Be2 e6 7. g4 h6 8. h4 b5
9. a3 Bb7 10. f3 Nfd7 11. Be3 Be7 12. Bf2 Nb6 13. Qd2 N8d7 14. O-O-O Rc8 15. g5
hxg5 16. hxg5 Rxh1 17. Rxh1 Bxg5 18. f4 Bh6 19. Ndxb5 axb5 20. Nxb5 Rc6 21.
Nxd6+ Rxd6 22. Qxd6 Bxe4 23. Bh4 f6 24. Re1 Qe7 25. Bh5+ g6 26. Qxe7+ Kxe7 27.
Rxe4 gxh5 28. Kd1 Nd5 29. Bg3 Nc5 30. Re2 Bxf4 31. Bf2 Na4 32. Bd4 e5 33. c4 Kd6
34. Bf2 Ndc3+ 35. bxc3 Nxc3+ 36. Ke1 Nxe2 37. Kxe2 e4 38. a4 Kc6 39. Bd4 Be5 40.
Bxe5 fxe5 41. Ke3 h4 0-1

[Event "38th ECC Open 2023"]
[Site "Durres ALB"]
[Date "2023.10.01"]
[Round "1.11"]
[Board "1"]
[White "Kilpatrick, Callum"]
[Black "Suleymanli, Aydin"]
[Result "0-1"]
[WhiteTitle "IM"]
[BlackTitle "GM"]
[WhiteElo "2400"]
[BlackElo "2588"]
[WhiteTeam "Celtic Tigers"]
[BlackTeam "Vugar Gashimov"]
[WhiteFideId "414425"]
[BlackFideId "13413937"]
[EventDate "2023.10.01"]

1. e4 e5 2. Nf3 Nc6 3. Bc4 Nf6 4. d3 Bc5 5. c3 d6 6. O-O O-O 7. a4 a5 8. Bg5 h6
9. Bh4 g5 10. Bg3 Bg4 11. Nbd2 Kh8 12. h3 Bh5 13. Re1 g4 14. hxg4 Nxg4 15. d4
exd4 16. Nb3 Nge5 17. cxd4 Nxf3+ 18. gxf3 Bb4 19. Re3 f5 20. exf5 Rxf5 21. Be6
Rg5 22. d5 Ne5 23. Qd4 Rg7 24. Qf4 Qf8 25. Qxh6+ Rh7 26. Qxf8+ Rxf8 27. Bxe5+
dxe5 28. Kg2 Rg7+ 29. Bg4 Bxg4 30. fxg4 Rxg4+ 31. Rg3 Rxg3+ 32. fxg3 e4 33. Rf1
Rxf1 34. Kxf1 Kg7 35. Nd4 Bd6 36. Kf2 Kf6 37. Nb5 Ke5 38. Ke3 Bc5+ 39. Ke2 Bd6
40. Ke3 Bc5+ 41. Ke2 Bb6 42. g4 Kxd5 43. g5 Ke6 44. g6 e3 45. Na3 Bd4 46. Nc4 b5
47. axb5 a4 48. g7 Kf7 49. Nxe3 Bxb2 50. Kd3 a3 51. Nc2 a2 52. Kc4 Bxg7 53. Kc5
Ke6 54. b6 cxb6+ 55. Kxb6 Bf8 56. Kb5 Kd5 57. Na1 Kd4 58. Ka4 Kc3 59. Nb3 Kb2 0-1

[Event "38th ECC Open 2023"]
[Site "Durres ALB"]
[Date "2023.10.01"]
[Round "1.11"]
[Board "2"]
[White "Asadli, Vugar"]
[Black "Gallana, Marco"]
[Result "1-0"]
[WhiteTitle "GM"]
[WhiteElo "2563"]
[BlackElo "2293"]
[WhiteTeam "Vugar Gashimov"]
[BlackTeam "Celtic Tigers"]
[WhiteFideId "13405764"]
[BlackFideId "824542"]
[EventDate "2023.10.01"]

1. e4 c5 2. Nf3 Nc6 3. Nc3 e5 4. Bc4 d6 5. d3 Be7 6. O-O Nf6 7. Ng5 O-O 8. f4 h6
9. Nf3 exf4 10. Bxf4 Bg4 11. h3 Bh5 12. a3 Nd4 13. g4 Nxf3+ 14. Qxf3 Bg6 15. Qg3
a6 16. a4 Ne8 17. Nd5 Bg5 18. a5 Kh7 19. Bxg5 hxg5 20. Rf2 Nc7 21. Nxc7 Qxc7 22.
h4 Kg8 23. Raf1 Qd8 24. h5 Bh7 25. Rxf7 Rxf7 26. Rxf7 Kh8 27. h6 gxh6 28. Qh2
Qxa5 29. c3 Qa4 30. Qf2 1-0

[Event "38th ECC Open 2023"]
[Site "Durres ALB"]
[Date "2023.10.01"]
[Round "1.11"]
[Board "3"]
[White "Zulfic, Fedja"]
[Black "Ahmadzada, Ahmad"]
[Result "0-1"]
[BlackTitle "IM"]
[WhiteElo "2151"]
[BlackElo "2494"]
[WhiteTeam "Celtic Tigers"]
[BlackTeam "Vugar Gashimov"]
[WhiteFideId "3208427"]
[BlackFideId "13413007"]
[EventDate "2023.10.01"]

1. d4 Nf6 2. c4 e6 3. Nc3 c5 4. d5 exd5 5. cxd5 d6 6. e4 g6 7. h3 Bg7 8. Nf3 O-O
9. Bd3 Re8 10. O-O Nbd7 11. Bf4 c4 12. Bc2 Nc5 13. Re1 b5 14. e5 dxe5 15. Nxe5
Bb7 16. Nc6 Bxc6 17. dxc6 Rxe1+ 18. Qxe1 Qb6 19. Rd1 Qxc6 20. Rd6 Qb7 21. Qe3
Ne6 22. Be5 Re8 23. Bxf6 Bxf6 24. Nd5 Bxb2 25. Qf3 Qb8 26. Rd7 Ng5 27. Qd1 Bg7
28. Nc7 Rf8 29. Qd5 Qc8 30. Nxb5 Re8 31. Rc7 Qb8 32. f4 Ne6 33. Rxc4 Nxf4 34.
Qc5 Nxh3+ 35. gxh3 Qg3+ 0-1

[Event "38th ECC Open 2023"]
[Site "Durres ALB"]
[Date "2023.10.01"]
[Round "1.11"]
[Board "4"]
[White "Samadov, Read"]
[Black "Pedersen, Carsten"]
[Result "1-0"]
[WhiteTitle "IM"]
[WhiteElo "2492"]
[BlackElo "2098"]
[WhiteTeam "Vugar Gashimov"]
[BlackTeam "Celtic Tigers"]
[WhiteFideId "13417444"]
[BlackFideId "1409760"]
[EventDate "2023.10.01"]

1. d4 d5 2. c4 dxc4 3. e3 e5 4. Bxc4 exd4 5. exd4 Bd6 6. Nf3 Nf6 7. Qe2+ Qe7 8.
Qxe7+ Bxe7 9. O-O Nbd7 10. Nc3 c6 11. Re1 Nb6 12. Bb3 Nfd5 13. Bg5 Be6 14. Bxe7
Kxe7 15. Ng5 Rad8 16. Nxe6 fxe6 17. Ne4 Nd7 18. Rac1 a6 19. Bxd5 cxd5 20. Ng5
Nf8 21. Rc7+ Rd7 22. Rc8 Kf6 23. Rxf8+ Rxf8 24. Nxh7+ Kf7 25. Nxf8 Kxf8 26. Rxe6
Rc7 27. g3 1-0

[Event "38th ECC Open 2023"]
[Site "Durres ALB"]
[Date "2023.10.01"]
[Round "1.11"]
[Board "5"]
[White "Serbanescu, Diana-Maria"]
[Black "Gadimbayli, Abdulla"]
[Result "1/2-1/2"]
[BlackTitle "GM"]
[WhiteElo "1966"]
[BlackElo "2492"]
[WhiteTeam "Celtic Tigers"]
[BlackTeam "Vugar Gashimov"]
[WhiteFideId "1200550"]
[BlackFideId "13404938"]
[EventDate "2023.10.01"]

1. e4 c5 2. c3 d5 3. exd5 Qxd5 4. d4 Nf6 5. Nf3 e6 6. Be2 cxd4 7. cxd4 Bb4+ 8.
Bd2 Bxd2+ 9. Qxd2 O-O 10. Nc3 Qd6 11. O-O Nc6 12. Rfd1 Rd8 13. Rac1 Qe7 14. Qe3
b6 15. Ne5 Bb7 16. Bf3 Nb4 17. h3 Rac8 18. a3 Nbd5 19. Nxd5 Nxd5 20. Bxd5 Bxd5
21. Rxc8 Rxc8 22. Rc1 Rd8 23. Rc3 Bb7 24. Qf4 f6 25. Nc6 Bxc6 26. Rxc6 Qd7 27.
Qe4 Kf7 28. b4 h6 29. b5 Qe7 30. a4 Rd5 31. Qf4 Rd7 32. Qg4 Rd5 33. Qf4 Qd8 34.
Qg4 Qd7 35. Qg3 e5 1/2-1/2

[Event "38th ECC Open 2023"]
[Site "Durres ALB"]
[Date "2023.10.01"]
[Round "1.11"]
[Board "6"]
[White "Sadikhov, Ulvi"]
[Black "Skulte, Christopher"]
[Result "1-0"]
[WhiteTitle "GM"]
[WhiteElo "2492"]
[BlackElo "2078"]
[WhiteTeam "Vugar Gashimov"]
[BlackTeam "Celtic Tigers"]
[WhiteFideId "13401416"]
[BlackFideId "3214044"]
[EventDate "2023.10.01"]

1. Nf3 d5 2. g3 Nf6 3. Bg2 Bg4 4. O-O e6 5. d3 Be7 6. h3 Bh5 7. Nbd2 Nbd7 8. b3
c5 9. Bb2 Qc7 10. e4 dxe4 11. dxe4 Rd8 12. Qe2 O-O 13. a4 Nb8 14. g4 Bg6 15. Ne5
Nc6 16. Nxc6 Qxc6 17. Nc4 Qa6 18. f4 h6 19. f5 Bh7 20. e5 Nd5 21. f6 gxf6 22.
exf6 Bd6 23. Qd2 Rfe8 24. Qxh6 Bf8 25. Qg5+ Kh8 26. Ne5 Qe2 27. Nxf7# 1-0

[Event "38th ECC Open 2023"]
[Site "Durres ALB"]
[Date "2023.10.01"]
[Round "1.12"]
[Board "1"]
[White "Mikhalevski, Victor"]
[Black "Naoum, Spyridon"]
[Result "1-0"]
[WhiteTitle "GM"]
[WhiteElo "2527"]
[BlackElo "2355"]
[WhiteTeam "Beer Sheva Chess Club"]
[BlackTeam "Chania Chess Academy"]
[WhiteFideId "2801914"]
[BlackFideId "4227506"]
[EventDate "2023.10.01"]

1. Nf3 Nf6 2. g3 g6 3. Bg2 Bg7 4. d4 O-O 5. c4 d6 6. O-O c6 7. Nc3 Bf5 8. Nh4
Be6 9. b3 d5 10. Rb1 h6 11. f4 Bf5 12. Nxf5 gxf5 13. e3 e6 14. h3 Nbd7 15. Bb2
Ne4 16. Nxe4 fxe4 17. f5 Qg5 18. Qe1 e5 19. g4 Rfe8 20. cxd5 cxd5 21. f6 Bxf6
22. Rf5 Qg7 23. Qa5 exd4 24. Rbf1 dxe3 25. Rxf6 e2 26. R1f5 Rac8 27. Qe1 Rc2 28.
Re6 Qxb2 29. Rxe8+ Kg7 30. Kh2 Nf6 31. Re7 Rc1 32. Rxf6 Kxf6 33. Qh4+ Kg7 34. g5
Rh1+ 35. Kxh1 Qc1+ 36. Kh2 Qxg5 37. Rxf7+ Kxf7 38. Qf2+ Ke6 39. Qxe2 Ke5 40. Qc2
Qf4+ 41. Kh1 Qf7 42. Qc3+ Ke6 43. Qc8+ Kf6 44. Qh8+ Kg6 45. Qe5 b6 46. Kg1 Qf5
47. Qd6+ Kg5 48. Bf1 h5 49. Qg3+ Kf6 50. Qd6+ Kg5 51. Qe7+ Kf4 52. Qc7+ Ke3 53.
Qc1+ Kd4 54. Qb2+ Ke3 55. Qc1+ Kd4 56. Qb2+ Ke3 57. Qc3+ Kf4 58. Kf2 h4 59. Be2
Qf8 60. Qc7+ Kg5+ 61. Ke3 Qf6 62. Bg4 Kg6 63. b4 b5 64. Qc8 Qg5+ 65. Kd4 Qd2+
66. Ke5 e3 67. Qg8+ Kh6 68. Qh8+ Kg6 69. Bf5+ Kf7 70. Qh7+ Kf8 1-0

[Event "38th ECC Open 2023"]
[Site "Durres ALB"]
[Date "2023.10.01"]
[Round "1.12"]
[Board "2"]
[White "Patrelakis, Evaggelos"]
[Black "Kobo, Ori"]
[Result "1/2-1/2"]
[WhiteTitle "FM"]
[BlackTitle "GM"]
[WhiteElo "2395"]
[BlackElo "2551"]
[WhiteTeam "Chania Chess Academy"]
[BlackTeam "Beer Sheva Chess Club"]
[WhiteFideId "4295102"]
[BlackFideId "2812320"]
[EventDate "2023.10.01"]

1. e4 c5 2. Nf3 Nc6 3. Bb5 g6 4. Bxc6 dxc6 5. d3 Bg7 6. h3 Nf6 7. Nc3 Nd7 8. Be3
e5 9. Qd2 h6 10. O-O-O Qe7 11. Nh2 Nf8 12. f4 exf4 13. Bxf4 Ne6 14. Be3 Nd4 15.
Kb1 Be6 16. Ne2 Nxe2 17. Qxe2 O-O-O 18. Nf3 Rhe8 19. Qd2 g5 20. Rhe1 b6 21. Qf2
f5 22. exf5 Qf6 23. Bd4 Rxd4 24. Rxe6 Rxe6 25. fxe6 Rd6 26. c3 Qxe6 27. Qc2 Qd7
28. Qe2 Re6 29. Qd2 Bf6 30. Kc2 Qd5 31. b3 h5 32. Re1 g4 33. hxg4 hxg4 34. Rxe6
Qxe6 35. Ng5 Bxg5 36. Qxg5 Qe2+ 37. Qd2 Qf1 38. a4 g3 39. b4 c4 40. dxc4 Qxc4
41. Qd6 a5 42. Qxg3 axb4 43. Qh3+ Kb8 44. Qh8+ Kb7 45. Qh7+ Ka6 46. Qd3 b3+ 47.
Kd2 Qxd3+ 48. Kxd3 Ka5 49. Kd2 Kxa4 50. Kc1 Kb5 51. Kb2 Kc4 52. g4 b5 53. g5 Kd5
54. Kxb3 c5 55. c4+ bxc4+ 56. Kc3 Ke6 57. Kxc4 Kf5 58. g6 Kxg6 59. Kxc5 1/2-1/2

[Event "38th ECC Open 2023"]
[Site "Durres ALB"]
[Date "2023.10.01"]
[Round "1.12"]
[Board "3"]
[White "Steinberg, Nitzan"]
[Black "Georgakopoulos, Nikolaos K."]
[Result "1-0"]
[WhiteTitle "GM"]
[WhiteElo "2543"]
[BlackElo "2116"]
[WhiteTeam "Beer Sheva Chess Club"]
[BlackTeam "Chania Chess Academy"]
[WhiteFideId "2801795"]
[BlackFideId "4283430"]
[EventDate "2023.10.01"]

1. e4 e6 2. d4 d5 3. Nd2 c5 4. Ngf3 cxd4 5. Nxd4 Nf6 6. exd5 Qxd5 7. Nb5 Na6 8.
a3 Bd7 9. Nc3 Qd6 10. Qe2 Nc5 11. Nc4 Qc7 12. Qe5 Qxe5+ 13. Nxe5 Bd6 14. Nxd7
Ncxd7 15. Nb5 Be5 16. f4 Bb8 17. Be2 a6 18. Nc3 Ba7 19. Bd2 O-O-O 20. O-O-O h5
21. h3 h4 22. Bf3 Bb6 23. Rhe1 Bc7 24. b3 Nh5 25. f5 exf5 26. Nd5 Bd6 27. Ba5 b6
28. Bxb6 Nxb6 29. Nxb6+ Kb8 30. b4 Nf6 31. c4 g5 32. Nd5 Nxd5 33. Bxd5 Bf4+ 34.
Kc2 Rd7 35. Kb3 Rhd8 36. Rd3 Kc7 37. Ka4 Bg3 38. Rf1 Bf4 39. Ka5 Re8 40. Rfd1
Be3 41. c5 f4 42. Kxa6 f5 43. Bf3 Rxd3 44. Rxd3 Rg8 45. b5 Bxc5 46. b6+ Kb8 47.
Rd7 g4 48. Bd5 1-0